Statistics for Beatles Songs Per Writing Credit

Click here to take the quiz!

General Stats

  • This quiz has been taken 366 times
  • The average score is 2 of 5

Answer Stats

Songwriting Credit#Answer% Correct
Lennon-McCartney159A Hard Day's Night, In My Life, Come Together...
100%
Harrison22Taxman, While My Guitar Gently Weeps, Something...
82%
Starkey2Don't Pass Me By, Octopus's Garden
44%
Lennon-McCartney-Harrison-Starkey3Flying, Dig It, Maggie Mae
12%
Lennon-McCartney-Starkey1What Goes On
10%

Score Distribution

Percentile by Number Answered

Percent of People with Each Score

Your Score History

You have not taken this quiz